Statystyki dla Stolice Afryki

Kliknij tutaj aby rozwiązać quiz!

Ogólne statystyki

  • Ten quiz został rozwiązany 20 razy
  • Średni wynik to 31 z 53

Statystyki odpowiedzi

HintOdpowiedź% Poprawnych
DżibutiDżibuti
86%
EgiptKair
86%
KeniaNairobi
86%
MarokoRabat
86%
EtiopiaAddis Abeba
79%
AlgieriaAlgier
79%
Południowa Afryka / RPAPretoria / Kapsztad /
Bloemfontein
79%
NigeriaAbudża
71%
GhanaAkra
71%
MadagaskarAntananarywa
71%
SudanChartum
71%
SenegalDakar
71%
Demokratyczna
Republika Konga
Kinszasa
71%
AngolaLuanda
71%
LibiaTrypolis
71%
TunezjaTunis
71%
KongoBrazzaville
64%
SomaliaMogadiszu
64%
MauretaniaNawakszut
64%
CzadNdżamena
64%
ErytreaAsmara
57%
MaliBamako
57%
TanzaniaDodoma
57%
Sudan PołudniowyDżuba
57%
KamerunJaunde
57%
RwandaKigali
57%
NigerNiamey
57%
BeninPorto-Novo
57%
Burkina FasoWagadugu
57%
NamibiaWindhuk
57%
GambiaBandżul
50%
Sierra LeoneFreetown
50%
BotswanaGaborone
50%
BurundiGitega
50%
ZimbabweHarare
50%
UgandaKampala
50%
GwineaKonakry
50%
GabonLibreville
50%
TogoLomé
50%
ZambiaLusaka
50%
MozambikMaputo
50%
LesothoMaseru
50%
EswatiniMbabane
50%
LiberiaMonrovia
50%
MauritiusPort Louis
50%
Republika
Środkowoafrykańska
Bangi
43%
MalawiLilongwe
43%
Gwinea RównikowaMalabo
43%
Wyspy Świętego
Tomasza i Książęca
São Tomé
43%
SeszeleVictoria
43%
Wybrzeże Kości SłoniowejJamusukro
36%
KomoryMoroni
36%
Republika
Zielonego Przylądka
Praia
36%

Rozkład punktacji

Percentyl według liczby udzielonych odpowiedzi

Procent ludzi z każdym wynikiem

Twoja historia wyników

Nie rozwiązałeś tego quizu